Biggest Cities in East Africa - Statistics

General Stats
  • This quiz has been taken 86 times
  • The average score is 12 of 16
Answer Stats
Population Country City % Correct
3,384,569 Ethiopia Addis Ababa
100%
4,364,541 Tanzania Dar es Salaam
97%
3,138,369 Kenya Nairobi
97%
2,120,000 Somalia Mogadishu
96%
1,659,600 Uganda Kampala
95%
1,613,375 Madagascar Antananarivo
90%
1,606,000 Zimbabwe Harare
89%
1,132,686 Rwanda Kigali
89%
2,467,467 Zambia Lusaka
89%
1,766,184 Mozambique Maputo
88%
1,300,000 Kenya Mombasa
84%
1,077,116 Malawi Lilongwe
79%
1,068,681 Malawi Blantyre
34%
1,200,000 Somalia Hargeisa
27%
706,543 Tanzania Mwanza
25%
893,000 Mozambique Matola
10%
No matching quizzes found
Score Distribution
Percent of People with Each Score
Percentile by Number Answered
Your Score History
You have not taken this quiz